Library Banner

Essentials pharmacology / (Record no. 124644)

MARC details
000 -LEADER
fixed length control field 00505nam a22001937a 4500
005 - DATE AND TIME OF LATEST TRANSACTION
control field 20211111095528.0
008 - FIXED-LENGTH DATA ELEMENTS--GENERAL INFORMATION
fixed length control field 211111b ||||| |||| 00| 0 eng d
020 ## - INTERNATIONAL STANDARD BOOK NUMBER
International Standard Book Number 9789381714775
040 ## - CATALOGING SOURCE
Transcribing agency PK-LaUMT
082 ## - DEWEY DECIMAL CLASSIFICATION NUMBER
Classification number 615.1
Item number DAN-E
100 ## - MAIN ENTRY--PERSONAL NAME
Personal name Danielson, Jennifer
245 ## - TITLE STATEMENT
Title Essentials pharmacology /
Statement of responsibility, etc by Jennifer Danielson
260 ## - PUBLICATION, DISTRIBUTION, ETC. (IMPRINT)
Place of publication, distribution, etc New Delhi :
Name of publisher, distributor, etc Medtec,
Date of publication, distribution, etc 2014
300 ## - PHYSICAL DESCRIPTION
Extent 414 p.
Accompanying material CD
650 ## - SUBJECT ADDED ENTRY--TOPICAL TERM
Topical term or geographic name as entry element Pharmacology
650 ## - SUBJECT ADDED ENTRY--TOPICAL TERM
Topical term or geographic name as entry element Immune system
650 ## - SUBJECT ADDED ENTRY--TOPICAL TERM
Topical term or geographic name as entry element Skeletal systems
942 ## - ADDED ENTRY ELEMENTS (KOHA)
Koha item type Books
Holdings
Withdrawn status Lost status Damaged status Home library Current library Date acquired Full call number Barcode Date last seen Price effective from Koha item type Copy number
      UMT Health Sciences Campus UMT Health Sciences Campus 2021-11-11 615.1 DAN-E 139268 2023-02-02 2021-11-11 Books  
      UMT Health Sciences Campus UMT Health Sciences Campus 2021-11-11 615.1 DAN-E 139269 2021-11-11 2021-11-11 Books C.2